Marketing research
Tallennettuna:
| Päätekijä: | |
|---|---|
| Aineistotyyppi: | Kirja |
| Kieli: | englanti |
| Julkaistu: |
Reading
Addison-Wesley
1991
|
| Painos: | 2a. ed |
| Aiheet: | |
| Tagit: |
Lisää tagi
Ei tageja, Lisää ensimmäinen tagi!
|
MARC
| LEADER | 00000nam a2200000 a 4500 | ||
|---|---|---|---|
| 001 | UCV6862 | ||
| 003 | CL-VaPUC | ||
| 008 | 920922e19910000US |||||||||||||||||eng|d | ||
| 082 | 0 | 4 | |a 658.83 |b PAR |2 21 |
| 100 | |a Parasuraman, A. |e author |9 300870 | ||
| 245 | 1 | 0 | |a Marketing research |
| 250 | |a 2a. ed | ||
| 300 | |a 898 p | ||
| 942 | |c BK | ||
| 945 | |d 19920922 00:00:00 | ||
| 260 | |a Reading |b Addison-Wesley |c 1991 | ||
| 650 | 0 | |a Comercialización |9 259326 | |
| 650 | 7 | |a INVESTIGACIONES |2 CL-VaPUC |9 261211 | |
| 650 | 0 | |a Análisis de mercado |9 260838 | |
| 583 | |a last modification |c 19920922 00:00:00 |k Rodrigo Vera | ||
| 999 | |c 212697 |d 212695 | ||
| 952 | |0 0 |1 0 |4 0 |6 658_830000000000000_PAR_1991 |7 0 |8 A |9 194133 |a BIBING |b BIBING |d 2019-11-14 |i 262284K |o 658.83 PAR 1991 |p 262284K |r 2025-01-20 |w 2019-11-14 |y BK |k EII | ||